| 000 | 01378cam a2200337 a 4500 | ||
|---|---|---|---|
| 001 | EDZ0000063724 | ||
| 003 | StDuBDS | ||
| 005 | 20161031105111.0 | ||
| 006 | m||||||||d|||||||| | ||
| 007 | cr ||||||||||| | ||
| 008 | 120319s2003 cau fo| 001|0|eng|d | ||
| 020 |
_a9781452233130 (ebook) : _cNo price |
||
| 040 |
_aStDuBDS _beng _cStDuBDS _epn |
||
| 049 | _aAlfaisal Main Library | ||
| 050 | 0 |
_aHF5823 _b.S4854 2003 |
|
| 082 | 0 | 4 |
_a659.1 _223 |
| 100 | 1 | _aSheehan, Kim. | |
| 245 | 1 | 0 |
_aControversies in contemporary advertising _h[electronic resource] / _cKim Bartel Sheehan. |
| 260 |
_aThousand oaks, [Calif.] ; _aLondon : _bSAGE, _cc2003. |
||
| 300 | _a1 online resource (ix, 333 p.) | ||
| 520 | 8 | _a'Controversies in Contemporary Advertising' presents a range of perspectives, examining economic, political, social & ethical questions about topics such as stereotyping, controversial products, consumer culture, & new technology. | |
| 521 | _aSpecialized. | ||
| 588 | _aDescription based on print version record. | ||
| 504 | _aIncludes bibliographical references and index. | ||
| 650 | 0 | _aAdvertising. | |
| 655 | 7 |
_aElectronic books. _2local |
|
| 710 | 2 | _aSage eBooks | |
| 776 | 0 | 8 |
_iPrint version : _z9780761926351 |
| 856 | 4 | 0 | _uhttp://ezproxy.alfaisal.edu/login?url=http://sk.sagepub.com/books/controversies-in-contemporary-advertising |
| 942 |
_2lcc _cEBOOKS |
||
| 999 |
_c479309 _d479309 |
||